[Event "SE-2020-0-00323"]
[Site "LSS email"]
[Date "2020.12.14"]
[Round "?"]
[White "Wilshusen, Horst"]
[Black "Chatzisotiriou, Petros"]
[Result "1/2-1/2"]
[WhiteElo "1201"]
[BlackElo "1155"]
[PlyCount "92"]
[EventDate "2020.10.09"]
[EventType "tourn (corr)"]
[EventRounds "6"]
[EventCountry "GER"]
[SourceTitle "Corr 2024"]
[Source "ChessBase"]
[SourceDate "2023.10.19"]
[SourceVersion "1"]
[SourceVersionDate "2023.10.19"]
[SourceQuality "1"]

1. b4 e6 2. Bb2 Nf6 3. a3 d5 4. e3 Be7 5. Nf3 0-0 6. c4 c5 7. bxc5 Bxc5 8. d4 Be7 9. Nc3 b6 10. Rc1 Ba6 11. Qa4 dxc4 12. Bxc4 Bb7 13. Ke2 Nc6 14. Rhd1 Na5 15. Ba2 Ba6+ 16. Ke1 Rc8 17. Qc2 Nc4 18. Ne5 Nxb2 19. Qxb2 Nd7 20. f4 Bd6 21. Ne4 Bb8 22. Qf2 Rxc1 23. Rxc1 Nxe5 24. fxe5 Qe7 25. Rc3 Bb7 26. Bb1 Bd5 27. g3 h6 28. Qc2 Bxe4 29. Qxe4 g6 30. h4 f5 31. Qc6 Rd8 32. Ba2 Kf7 33. Kf2 Qd7 34. Qxd7+ Rxd7 35. Rc6 Re7 36. Kf3 g5 37. hxg5 hxg5 38. e4 fxe4+ 39. Kxe4 Re8 40. Bc4 Re7 41. d5 exd5+ 42. Bxd5+ Kg7 43. Be6 Rc7 44. Rxc7+ Bxc7 45. Kf5 Bd8 46. Bc4 Be7 1/2-1/2

[Event "RF-2020-0-00509"]
[Site "LSS email"]
[Date "2020.11.03"]
[Round "?"]
[White "Chatzisotiriou, Petros"]
[Black "Kuttner, Jaromir"]
[Result "1-0"]
[WhiteElo "1123"]
[BlackElo "955"]
[PlyCount "35"]
[EventDate "2020.08.09"]
[EventType "tourn (corr)"]
[EventRounds "6"]
[EventCountry "GER"]
[SourceTitle "Corr 2022"]
[Source "ChessBase"]
[SourceDate "2021.10.24"]
[SourceVersion "1"]
[SourceVersionDate "2021.10.24"]
[SourceQuality "1"]

1. d4 Nf6 2. c4 e6 3. Nc3 d5 4. Bg5 c6 5. cxd5 exd5 6. e3 Be7 7. Bd3 h6 8. Bh4 Nbd7 9. Nf3 g5 10. Bg3 Qb6 11. Qc2 c5 12. Nb5 Qa5+ 13. Ke2 0-0 14. Nc7 c4 15. Bxc4 dxc4 16. Nxa8 b5 17. Nc7 Nh5 18. Nd5 1-0

[Event "RF-2020-0-00509"]
[Site "LSS email"]
[Date "2020.11.03"]
[Round "?"]
[White "Chatzisotiriou, Petros"]
[Black "Shim Ng Min, Francis"]
[Result "1-0"]
[WhiteElo "1123"]
[BlackElo "1130"]
[PlyCount "55"]
[EventDate "2020.08.09"]
[EventType "tourn (corr)"]
[EventRounds "6"]
[EventCountry "GER"]
[SourceTitle "Corr 2022"]
[Source "ChessBase"]
[SourceDate "2021.10.24"]
[SourceVersion "1"]
[SourceVersionDate "2021.10.24"]
[SourceQuality "1"]

1. d4 Nf6 2. c4 e6 3. Nc3 Bb4 4. e3 c5 5. Bd3 cxd4 6. exd4 0-0 7. Nf3 Nc6 8. 0-0 d5 9. cxd5 exd5 10. Bg5 Be7 11. Qb3 Na5 12. Qc2 h6 13. Bh4 Be6 14. h3 Rc8 15. Rac1 Nc4 16. b3 Nb6 17. Qe2 Nh5 18. Bxe7 Qxe7 19. Bf5 Qb4 20. Bxe6 Rxc3 21. Bxf7+ Rxf7 22. Qe8+ Rf8 23. Qxh5 Rfc8 24. Rce1 Qf8 25. Ne5 R3c7 26. Ng6 Qf7 27. Re3 Rc6 28. Ne7+ 1-0

[Event "RF-2020-0-00509"]
[Site "LSS email"]
[Date "2020.11.03"]
[Round "?"]
[White "Zmolil, Karel"]
[Black "Chatzisotiriou, Petros"]
[Result "1-0"]
[WhiteElo "981"]
[BlackElo "1123"]
[PlyCount "87"]
[EventDate "2020.08.09"]
[EventType "tourn (corr)"]
[EventRounds "6"]
[EventCountry "GER"]
[SourceTitle "Corr 2022"]
[Source "ChessBase"]
[SourceDate "2021.10.24"]
[SourceVersion "1"]
[SourceVersionDate "2021.10.24"]
[SourceQuality "1"]

1. e4 c5 2. Nc3 Nc6 3. Nf3 d6 4. Bc4 e6 5. d4 cxd4 6. Nxd4 Nf6 7. 0-0 g6 8. Be3 Bg7 9. a3 0-0 10. f4 Nxd4 11. Bxd4 a6 12. Qd3 b5 13. Ba2 Bb7 14. Rae1 Rc8 15. h3 Qc7 16. Bb1 Nd7 17. Bxg7 Kxg7 18. Qd4+ e5 19. fxe5 dxe5 20. Qf2 Qc5 21. Qxc5 Nxc5 22. b4 Ne6 23. Re3 Rc7 24. Nd1 Rd8 25. Nf2 Rd2 26. Nd1 Rcd7 27. Nc3 Nd4 28. Rc1 f5 29. Rd3 Rxd3 30. cxd3 Nb3 31. Rd1 fxe4 32. Ba2 Nd4 33. dxe4 Rc7 34. Rd3 Ne2+ 35. Nxe2 Rc2 36. Nc3 Bxe4 37. Nxe4 Rxa2 38. Nc5 Kf6 39. Nxa6 Rc2 40. Nc5 Kf5 41. Rf3+ Kg5 42. Ne4+ Kh4 43. Re3 Ra2 44. Nd6 1-0

[Event "OP-2020-0-05019"]
[Site "LSS email"]
[Date "2020.09.15"]
[Round "?"]
[White "Jokmin, Guido"]
[Black "Chatzisotiriou, Petros"]
[Result "0-1"]
[WhiteElo "714"]
[BlackElo "1115"]
[PlyCount "68"]
[EventDate "2020.09.05"]
[EventType "tourn (corr)"]
[EventRounds "4"]
[EventCountry "GER"]
[SourceTitle "Corr 2022"]
[Source "ChessBase"]
[SourceDate "2021.10.24"]
[SourceVersion "1"]
[SourceVersionDate "2021.10.24"]
[SourceQuality "1"]

1. e4 c5 2. d4 cxd4 3. c3 dxc3 4. Nxc3 d6 5. Nf3 Nc6 6. Bf4 Bg4 7. Be2 g6 8. 0-0 Bg7 9. Qc2 Nf6 10. Rfd1 Bxf3 11. Bxf3 Nd7 12. Rac1 Nd4 13. Qd3 Nxf3+ 14. Qxf3 0-0 15. Nb5 Bxb2 16. Rc7 a6 17. Rc2 Bg7 18. Nc7 Rc8 19. Rdc1 Nc5 20. Nd5 e6 21. Nb4 a5 22. Nd3 b6 23. Rb2 Bxb2 24. Nxb2 d5 25. e5 f5 26. h4 Qxh4 27. Qe3 Qe7 28. Bg5 Qd7 29. Bf6 Ne4 30. Na4 Rxc1+ 31. Qxc1 Qxa4 32. Qc7 Nxf6 33. exf6 Rxf6 34. Qc8+ Kg7 0-1

[Event "ZL-2020-0-02267"]
[Site "LSS email"]
[Date "2020.08.27"]
[Round "?"]
[White "Gronbech, Torsten"]
[Black "Chatzisotiriou, Petros"]
[Result "1/2-1/2"]
[WhiteElo "1093"]
[BlackElo "1114"]
[PlyCount "42"]
[EventDate "2020.08.12"]
[EventType "match (corr)"]
[EventRounds "2"]
[EventCountry "GER"]
[SourceTitle "Corr 2022"]
[Source "ChessBase"]
[SourceDate "2021.10.24"]
[SourceVersion "1"]
[SourceVersionDate "2021.10.24"]
[SourceQuality "1"]

1. c4 Nf6 2. Nc3 g6 3. d4 d5 4. Bf4 a6 5. Nf3 dxc4 6. e4 b5 7. Be2 Bb7 8. 0-0 Nxe4 9. Re1 Nf6 10. Ne5 Bg7 11. Bf3 Nd5 12. Nxf7 Kxf7 13. Qc2 Nb4 14. Qe2 Bxf3 15. Qxf3 Qd7 16. Bd6+ Kg8 17. Rxe7 Qf5 18. Re8+ Kf7 19. Re7+ Kg8 20. Re8+ Kf7 21. Re7+ Kg8 1/2-1/2

[Event "ZL-2020-0-02253"]
[Site "LSS email"]
[Date "2020.06.16"]
[Round "?"]
[White "Chatzisotiriou, Petros"]
[Black "Csoma, Robert"]
[Result "1/2-1/2"]
[WhiteElo "1099"]
[BlackElo "1114"]
[PlyCount "52"]
[EventDate "2020.05.19"]
[EventType "match (corr)"]
[EventRounds "2"]
[EventCountry "GER"]
[SourceTitle "Corr 2022"]
[Source "ChessBase"]
[SourceDate "2021.10.24"]
[SourceVersion "1"]
[SourceVersionDate "2021.10.24"]
[SourceQuality "1"]

1. d4 f5 2. c4 Nf6 3. Nc3 e6 4. Bg5 Be7 5. Nf3 0-0 6. g3 b6 7. Bg2 Bb7 8. 0-0 d6 9. Rc1 Nbd7 10. a3 h6 11. Bxf6 Nxf6 12. b4 a5 13. c5 axb4 14. axb4 bxc5 15. bxc5 dxc5 16. dxc5 Qxd1 17. Rfxd1 Bxc5 18. Nb5 Ne4 19. e3 Ra2 20. Nc3 Nxc3 21. Rxc3 Bd6 22. Nd4 Bxg2 23. Kxg2 Be5 24. Rc6 Bxd4 25. Rxd4 e5 26. Rd7 Rf7 1/2-1/2

[Event "ZL-2020-0-02253"]
[Site "LSS email"]
[Date "2020.06.16"]
[Round "?"]
[White "Csoma, Robert"]
[Black "Chatzisotiriou, Petros"]
[Result "1/2-1/2"]
[WhiteElo "1114"]
[BlackElo "1099"]
[PlyCount "87"]
[EventDate "2020.05.19"]
[EventType "match (corr)"]
[EventRounds "2"]
[EventCountry "GER"]
[SourceTitle "Corr 2022"]
[Source "ChessBase"]
[SourceDate "2021.10.24"]
[SourceVersion "1"]
[SourceVersionDate "2021.10.24"]
[SourceQuality "1"]

1. c4 Nf6 2. d4 g6 3. Nc3 d5 4. cxd5 Nxd5 5. e4 Nxc3 6. bxc3 Bg7 7. Bc4 c5 8. Ne2 Nc6 9. Be3 cxd4 10. cxd4 0-0 11. 0-0 Na5 12. Bd3 b6 13. Qd2 Bb7 14. Bh6 Rc8 15. Bxg7 Kxg7 16. Rac1 Qd7 17. h3 Qa4 18. Qb2 Nc4 19. Bxc4 Rxc4 20. Rxc4 Qxc4 21. d5+ Kg8 22. f3 Ba6 23. Re1 Rc8 24. Nd4 Qc3 25. Qxc3 Rxc3 26. Nc6 Kf8 27. Nxa7 Ra3 28. Ra1 Bc4 29. Nc8 b5 30. Nb6 Rxa2 31. Rxa2 Bxa2 32. Kf2 b4 33. Ke3 b3 34. Nc4 Bb1 35. Kd2 Kg7 36. Kc3 Bc2 37. Ne3 Kf6 38. Nxc2 bxc2 39. Kxc2 Ke5 40. g3 Kd4 41. Kd2 f5 42. exf5 gxf5 43. g4 fxg4 44. hxg4 1/2-1/2

[Event "LSS No Engine Cup 188 Preliminary 0"]
[Site "LSS email"]
[Date "2019.03.14"]
[Round "?"]
[White "Chatzisotiriou, Petros"]
[Black "Keller, Thomas"]
[Result "1-0"]
[WhiteElo "1440"]
[BlackElo "1372"]
[PlyCount "59"]
[EventDate "2019.03.15"]
[EventType "tourn (corr)"]
[EventRounds "6"]
[EventCountry "GER"]
[SourceTitle "Corr 2022"]
[Source "ChessBase"]
[SourceDate "2021.10.24"]
[SourceVersion "1"]
[SourceVersionDate "2021.10.24"]
[SourceQuality "1"]

1. d4 Nf6 2. c4 g6 3. Nc3 Bg7 4. e4 0-0 5. e5 Ne8 6. f4 d6 7. h3 e6 8. Nf3 Nd7 9. Bd3 dxe5 10. fxe5 c5 11. Bg5 f6 12. exf6 Ndxf6 13. dxc5 Qa5 14. Be3 Nd7 15. Qd2 Nxc5 16. Bc2 Qc7 17. 0-0 b6 18. b4 Nd7 19. Bb3 Nef6 20. Rac1 Bb7 21. c5 bxc5 22. Bxe6+ Kh8 23. bxc5 Ne5 24. Nd4 Ne4 25. Nxe4 Bxe4 26. Bb3 Nd3 27. Ne6 Qc6 28. Nxg7 Kxg7 29. Bh6+ Kh8 30. Qc3+ 1-0

[Event "IECC CL0-2019.00 email"]
[Site "IECC email"]
[Date "2019.02.18"]
[Round "?"]
[White "Chatzisotiriou, Petros"]
[Black "Endean, Andrew"]
[Result "1/2-1/2"]
[WhiteElo "1153"]
[BlackElo "1146"]
[PlyCount "111"]
[EventDate "2019.01.09"]
[EventType "tourn (corr)"]
[EventRounds "4"]
[SourceTitle "Corr 2022"]
[Source "ChessBase"]
[SourceDate "2021.10.24"]
[SourceVersion "1"]
[SourceVersionDate "2021.10.24"]
[SourceQuality "1"]

1. d4 d5 2. c4 e6 3. Nc3 Nf6 4. Bg5 Be7 5. e3 0-0 6. Nf3 h6 7. Bh4 b6 8. Bxf6 Bxf6 9. cxd5 exd5 10. h3 Re8 11. Bd3 Be6 12. Rc1 Nd7 13. Bb1 Rc8 14. Qd3 g6 15. g4 c5 16. 0-0 c4 17. Qd2 Bg7 18. Nb5 Nb8 19. Nxa7 Rc7 20. Nb5 Rce7 21. Qb4 Nc6 22. Qd6 Qxd6 23. Nxd6 Rd8 24. Nb5 Bc8 25. b3 Na5 26. bxc4 Nxc4 27. Bd3 Be6 28. Rfd1 Ra8 29. Rc2 Ra5 30. Rb1 Rb7 31. Bxc4 dxc4 32. Nd6 Rc7 33. Rxb6 c3 34. Rb8+ Kh7 35. a4 Rxa4 36. Nb5 Rcc4 37. Nd6 Rc6 38. Nb5 Rac4 39. Na3 Ra4 40. Nb1 Bd5 41. Ne5 Bxe5 42. dxe5 Ra1 43. Kh2 Be4 44. Rxc3 Rxb1 45. Rxc6 Rxb8 46. Rc7 Kg8 47. Kg3 g5 48. h4 Rb1 49. f3 Bd5 50. hxg5 hxg5 51. Rc5 Be6 52. Kg2 Rb3 53. Kf2 Rb2+ 54. Kg3 Re2 55. Rc3 Kg7 56. Ra3 1/2-1/2

[Event "IECC CL0-2019.00 email"]
[Site "IECC email"]
[Date "2019.02.18"]
[Round "?"]
[White "Raines, David T"]
[Black "Chatzisotiriou, Petros"]
[Result "1/2-1/2"]
[WhiteElo "1141"]
[BlackElo "1153"]
[PlyCount "71"]
[EventDate "2019.01.09"]
[EventType "tourn (corr)"]
[EventRounds "4"]
[SourceTitle "Corr 2022"]
[Source "ChessBase"]
[SourceDate "2021.10.24"]
[SourceVersion "1"]
[SourceVersionDate "2021.10.24"]
[SourceQuality "1"]

1. d4 Nf6 2. c4 g6 3. f3 d5 4. cxd5 Nxd5 5. e4 Nf6 6. Nc3 Bg7 7. Be3 0-0 8. Bc4 e6 9. Qd2 Nbd7 10. Nge2 Nb6 11. Bb3 Bd7 12. 0-0 Qe8 13. Rfd1 Ba4 14. Nxa4 Nxa4 15. Nc3 Nxc3 16. bxc3 Qd7 17. Rac1 Rfd8 18. c4 c6 19. d5 cxd5 20. cxd5 exd5 21. exd5 a6 22. Bg5 Qd6 23. Kh1 Rdc8 24. Qf4 Qxf4 25. Rxc8+ Rxc8 26. Bxf4 Nd7 27. Kg1 b5 28. Re1 Bd4+ 29. Kf1 Nc5 30. Rd1 Bg7 31. d6 Nd7 32. Bd5 a5 33. Rc1 Rd8 34. Rc7 Be5 35. Bg5 Bf6 36. Bc6 1/2-1/2

[Event "IECC CL0-2019.00 email"]
[Site "IECC email"]
[Date "2019.02.18"]
[Round "?"]
[White "Verich, Oleg"]
[Black "Chatzisotiriou, Petros"]
[Result "0-1"]
[WhiteElo "1085"]
[BlackElo "1153"]
[PlyCount "71"]
[EventDate "2019.01.09"]
[EventType "tourn (corr)"]
[EventRounds "4"]
[SourceTitle "Corr 2022"]
[Source "ChessBase"]
[SourceDate "2021.10.24"]
[SourceVersion "1"]
[SourceVersionDate "2021.10.24"]
[SourceQuality "1"]

1. e4 c5 2. Nf3 Nc6 3. d4 cxd4 4. Nxd4 Nf6 5. Nxc6 bxc6 6. e5 Ng8 7. Nc3 g6 8. Bd3 Bg7 9. Qe2 Qa5 10. f4 d6 11. Bd2 dxe5 12. fxe5 Qxe5 13. 0-0 Qxe2 14. Bxe2 Bf5 15. Rac1 Rb8 16. b3 Nf6 17. Bf3 Rc8 18. Na4 Be4 19. Nc5 Bxf3 20. Rxf3 Nd5 21. c4 Bd4+ 22. Kh1 Bxc5 23. cxd5 cxd5 24. Bh6 Kd7 25. Rxf7 Bd6 26. Re1 Rc2 27. a4 a5 28. Bg5 Kc6 29. Bxe7 Re8 30. g3 Bc5 31. Rxh7 Bxe7 32. Rexe7 Rxe7 33. Rxe7 d4 34. Re6+ Kc5 35. Rxg6 d3 36. Rg8 0-1

[Event "LSS No Engine Cup 186 Preliminary 0"]
[Site "LSS email"]
[Date "2019.01.20"]
[Round "?"]
[White "Chatzisotiriou, Petros"]
[Black "Schnoewitz, Brigitte"]
[Result "1-0"]
[WhiteElo "1449"]
[BlackElo "1318"]
[PlyCount "77"]
[EventDate "2019.01.23"]
[EventType "tourn (corr)"]
[EventRounds "6"]
[EventCountry "GER"]
[SourceTitle "Corr 2022"]
[Source "ChessBase"]
[SourceDate "2021.10.24"]
[SourceVersion "1"]
[SourceVersionDate "2021.10.24"]
[SourceQuality "1"]

1. d4 d5 2. c4 c6 3. cxd5 Qxd5 4. Nc3 Qd8 5. e4 g6 6. Bc4 Bg7 7. Qf3 Nf6 8. e5 Qxd4 9. exf6 Bxf6 10. Bb3 0-0 11. Be3 Qe5 12. Nge2 Be6 13. Bd4 Qa5 14. Bxf6 Bxb3 15. 0-0 exf6 16. axb3 Qd8 17. Rfd1 Qe7 18. Ne4 f5 19. N4c3 Nd7 20. Rd2 Nc5 21. Na4 Ne4 22. Qe3 Qc7 23. Rd3 Rfe8 24. Qf4 Qe7 25. Re3 Qd7 26. Rh3 g5 27. Qc1 f4 28. f3 Nd2 29. Qc2 f5 30. Nac3 b6 31. Rd1 Rad8 32. Rh5 h6 33. Rxh6 Kg7 34. Rh3 Kg6 35. g4 fxg3 36. Rxg3 Re6 37. h4 Kf6 38. hxg5+ Kg6 39. Nf4+ 1-0

[Event "IECC CL0-2018.00 email"]
[Site "IECC email"]
[Date "2018.09.20"]
[Round "?"]
[White "Chatzisotiriou, Petros"]
[Black "Raines, David T"]
[Result "1/2-1/2"]
[WhiteElo "1148"]
[BlackElo "1228"]
[PlyCount "54"]
[EventDate "2018.07.27"]
[EventType "tourn (corr)"]
[EventRounds "4"]
[SourceTitle "Corr 2022"]
[Source "ChessBase"]
[SourceDate "2021.10.24"]
[SourceVersion "1"]
[SourceVersionDate "2021.10.24"]
[SourceQuality "1"]

1. d4 Nf6 2. c4 e6 3. Nc3 Bb4 4. e3 b6 5. Bd3 Bb7 6. Nf3 0-0 7. 0-0 d5 8. cxd5 exd5 9. a3 Be7 10. Bd2 Nbd7 11. Rc1 c5 12. dxc5 Nxc5 13. Bb1 Rc8 14. Nb5 a6 15. Nbd4 Nfe4 16. Ba2 Bf6 17. b4 Nxd2 18. Qxd2 Ne4 19. Qd3 g6 20. Nd2 Qd7 21. f3 Nd6 22. Ne2 Nb5 23. Bc4 Nc7 24. Ba2 Rfd8 25. Nd4 Bg7 26. Rc3 Ne6 27. Rfc1 Nxd4 1/2-1/2

[Event "IECC CL0-2018.00 email"]
[Site "IECC email"]
[Date "2018.09.20"]
[Round "?"]
[White "Chura, Michal"]
[Black "Chatzisotiriou, Petros"]
[Result "0-1"]
[WhiteElo "1139"]
[BlackElo "1148"]
[PlyCount "56"]
[EventDate "2018.07.27"]
[EventType "tourn (corr)"]
[EventRounds "4"]
[SourceTitle "Corr 2022"]
[Source "ChessBase"]
[SourceDate "2021.10.24"]
[SourceVersion "1"]
[SourceVersionDate "2021.10.24"]
[SourceQuality "1"]

1. f4 d5 2. Nf3 c5 3. e3 Nc6 4. Bb5 g6 5. Bxc6+ bxc6 6. 0-0 Bg7 7. d3 Nf6 8. Ne5 Qb6 9. c3 Nd7 10. Nf3 0-0 11. Qc2 Ba6 12. Nbd2 e5 13. fxe5 Bxe5 14. Nxe5 Nxe5 15. c4 Rfe8 16. Nf3 Nxd3 17. Qxd3 Bxc4 18. Qc3 Bxf1 19. Kxf1 Qb5+ 20. Kf2 d4 21. exd4 Qe2+ 22. Kg3 Rad8 23. dxc5 Rd3 24. Qf6 Re6 25. Qf4 Re5 26. Bd2 Rf5 27. Qb8+ Kg7 28. Bc3+ f6 0-1

[Event "BI-2015-F-0000"]
[Site "LSS email"]
[Date "2015.02.12"]
[Round "?"]
[White "Chatzisotiriou, Petros"]
[Black "Gorman, Andrew"]
[Result "1-0"]
[WhiteElo "1165"]
[BlackElo "945"]
[PlyCount "59"]
[EventDate "2015.02.11"]
[EventType "tourn (corr)"]
[EventRounds "10"]
[EventCountry "GER"]
[SourceTitle "Corr 2022"]
[Source "ChessBase"]
[SourceDate "2021.10.24"]
[SourceVersion "1"]
[SourceVersionDate "2021.10.24"]
[SourceQuality "1"]

1. d4 d5 2. c4 e5 3. dxe5 Be6 4. cxd5 Qxd5 5. Qxd5 Bxd5 6. Nc3 Bc4 7. g3 Bb4 8. Bg2 c6 9. Bd2 Bxc3 10. Bxc3 Ne7 11. Nf3 Bd5 12. 0-0 0-0 13. Bb4 Re8 14. Nd2 Bxg2 15. Kxg2 Nd5 16. Bd6 Nd7 17. e4 N5b6 18. f4 Nc8 19. Rfe1 Nxd6 20. exd6 h6 21. b4 b5 22. Rac1 Rac8 23. Nb3 Re6 24. e5 f6 25. Nd4 Kf7 26. Nxe6 Kxe6 27. exf6+ Kxf6 28. Re7 g5 29. fxg5+ hxg5 30. Rxd7 1-0

[Event "BI-2015-F-0000"]
[Site "LSS email"]
[Date "2015.02.12"]
[Round "?"]
[White "Lauer, Frederic"]
[Black "Chatzisotiriou, Petros"]
[Result "1/2-1/2"]
[WhiteElo "1098"]
[BlackElo "1165"]
[PlyCount "111"]
[EventDate "2015.02.11"]
[EventType "tourn (corr)"]
[EventRounds "10"]
[EventCountry "GER"]
[SourceTitle "Corr 2022"]
[Source "ChessBase"]
[SourceDate "2021.10.24"]
[SourceVersion "1"]
[SourceVersionDate "2021.10.24"]
[SourceQuality "1"]

1. e4 c5 2. Nf3 Nc6 3. Bb5 d6 4. d4 cxd4 5. Qxd4 Bd7 6. Bxc6 Bxc6 7. Nc3 Nf6 8. Bg5 e5 9. Qd3 Be7 10. 0-0-0 Ng4 11. Be3 Nxe3 12. Qxe3 Qc7 13. Rhe1 0-0 14. Nd5 Bxd5 15. Rxd5 Rfc8 16. Re2 a6 17. h4 b5 18. Kb1 b4 19. Red2 Qc4 20. Qd3 Qc7 21. g3 a5 22. b3 a4 23. Rd1 axb3 24. cxb3 Qa7 25. Qe2 Rc3 26. R5d3 Qa6 27. Ng1 Rc5 28. R3d2 Qc6 29. Rc2 Rxc2 30. Qxc2 Qxc2+ 31. Kxc2 Rxa2+ 32. Kd3 Rxf2 33. Ke3 Rb2 34. Rd3 Kf8 35. Nf3 Rg2 36. Rd5 Rb2 37. Nd2 g5 38. h5 g4 39. Ke2 Kg7 40. Ke1 Kh6 41. Rb5 Bg5 42. Nc4 Rxb3 43. Nxd6 f6 44. Rb7 Kxh5 45. Rxh7+ Kg6 46. Rb7 Bh6 47. Nf5 Rb1+ 48. Kf2 b3 49. Ne7+ Kh5 50. Nf5 b2 51. Rh7 Rc1 52. Rxh6+ Kg5 53. Rh7 Rc2+ 54. Ke3 Rh2 55. Rg7+ Kh5 56. Rh7+ 1/2-1/2

[Event "BI-2015-F-0000"]
[Site "LSS email"]
[Date "2015.02.12"]
[Round "?"]
[White "Verich, Oleg"]
[Black "Chatzisotiriou, Petros"]
[Result "1-0"]
[WhiteElo "1126"]
[BlackElo "1165"]
[PlyCount "115"]
[EventDate "2015.02.11"]
[EventType "tourn (corr)"]
[EventRounds "10"]
[EventCountry "GER"]
[SourceTitle "Corr 2022"]
[Source "ChessBase"]
[SourceDate "2021.10.24"]
[SourceVersion "1"]
[SourceVersionDate "2021.10.24"]
[SourceQuality "1"]

1. Nf3 d5 2. g3 c5 3. Bg2 Nc6 4. 0-0 g6 5. d4 cxd4 6. Nxd4 Bg7 7. c3 Nxd4 8. cxd4 Nf6 9. Nc3 e6 10. e3 Bd7 11. Qb3 Qc7 12. Bd2 0-0 13. Rac1 Bc6 14. Rfe1 a6 15. Na4 Nd7 16. Nc5 Nxc5 17. dxc5 Qd7 18. Bc3 Rfb8 19. Ba5 Be5 20. Bb6 Bc7 21. e4 Bxb6 22. Qxb6 dxe4 23. Bxe4 Bxe4 24. Rxe4 Qd5 25. Rec4 Rc8 26. Qd6 b5 27. Qxd5 exd5 28. Rd4 Rd8 29. Rcd1 Rac8 30. Rxd5 Rxd5 31. Rxd5 b4 32. Kg2 Kf8 33. Kf3 Ke7 34. Ke4 Rc6 35. f4 Re6+ 36. Re5 Kd7 37. Rxe6 Kxe6 38. g4 f6 39. f5+ gxf5+ 40. gxf5+ Kd7 41. Kd5 a5 42. b3 h6 43. c6+ Kc7 44. Kc5 h5 45. h4 Kc8 46. Kd6 Kd8 47. Ke6 Kc7 48. Kxf6 Kxc6 49. Ke7 Kd5 50. f6 Kd4 51. f7 Kc3 52. f8Q Kb2 53. Qf2+ Ka3 54. Kd6 a4 55. bxa4 Kxa4 56. Qb2 Ka5 57. Kc6 Ka4 58. Kb6 1-0

[Event "SE-2015-0-00190"]
[Site "LSS email"]
[Date "2015.01.09"]
[Round "?"]
[White "Chatzisotiriou, Petros"]
[Black "Evsin, Igorj"]
[Result "0-1"]
[WhiteElo "1174"]
[BlackElo "1458"]
[PlyCount "62"]
[EventDate "2014.12.05"]
[EventType "tourn (corr)"]
[EventRounds "6"]
[EventCountry "GER"]
[SourceTitle "Corr 2022"]
[Source "ChessBase"]
[SourceDate "2021.10.24"]
[SourceVersion "1"]
[SourceVersionDate "2021.10.24"]
[SourceQuality "1"]

1. d4 d5 2. c4 e5 3. dxe5 d4 4. Nf3 Nc6 5. g3 Nge7 6. Bg2 Ng6 7. Bg5 Qd7 8. 0-0 Ngxe5 9. Nbd2 h6 10. Bf4 Nxf3+ 11. Nxf3 Bc5 12. Ne5 Nxe5 13. Bxe5 0-0 14. Qd3 Re8 15. Bf4 Qe7 16. Rfe1 a5 17. a3 Ra6 18. Bd2 a4 19. e3 dxe3 20. Bxe3 Re6 21. Bd2 Rxe1+ 22. Rxe1 Qxe1+ 23. Bxe1 Rxe1+ 24. Qf1 Rxf1+ 25. Kxf1 Be6 26. Bxb7 Bxc4+ 27. Ke1 Bd4 28. Bc6 Bb3 29. f4 Bxb2 30. Kd2 Bxa3 31. Kc3 Bc5 0-1

[Event "SE-2015-0-00190"]
[Site "LSS email"]
[Date "2015.01.09"]
[Round "?"]
[White "Chatzisotiriou, Petros"]
[Black "Stasilo, Tymoteusz"]
[Result "0-1"]
[WhiteElo "1174"]
[BlackElo "1458"]
[PlyCount "62"]
[EventDate "2014.12.05"]
[EventType "tourn (corr)"]
[EventRounds "6"]
[EventCountry "GER"]
[SourceTitle "Corr 2022"]
[Source "ChessBase"]
[SourceDate "2021.10.24"]
[SourceVersion "1"]
[SourceVersionDate "2021.10.24"]
[SourceQuality "1"]

1. d4 Nf6 2. c4 g6 3. Nc3 d6 4. e4 Bg7 5. Nf3 0-0 6. Be2 e5 7. d5 Na6 8. 0-0 Nc5 9. Qc2 a5 10. h3 Nh5 11. Bg5 f6 12. Be3 Nf4 13. Bxc5 dxc5 14. Na4 b6 15. Nc3 Bd7 16. a3 Rb8 17. Rfb1 c6 18. b4 cxd5 19. cxd5 cxb4 20. axb4 Qc7 21. Qb3 Qxc3 22. Bf1 Qxb3 23. Rxb3 a4 24. Rc3 Rbc8 25. Rac1 f5 26. Rxc8 Rxc8 27. Re1 fxe4 28. Rxe4 a3 29. Nd2 Rc1 30. Kh2 a2 31. Nb3 Rxf1 0-1

[Event "SE-2015-0-00189"]
[Site "LSS email"]
[Date "2015.01.03"]
[Round "?"]
[White "Couspeyre, Thierry"]
[Black "Chatzisotiriou, Petros"]
[Result "0-1"]
[WhiteElo "1323"]
[BlackElo "1169"]
[PlyCount "40"]
[EventDate "2014.11.27"]
[EventType "tourn (corr)"]
[EventRounds "6"]
[EventCountry "GER"]
[SourceTitle "Corr 2022"]
[Source "ChessBase"]
[SourceDate "2021.10.24"]
[SourceVersion "1"]
[SourceVersionDate "2021.10.24"]
[SourceQuality "1"]

1. d4 Nf6 2. c4 g6 3. Nc3 d5 4. cxd5 Nxd5 5. e4 Nxc3 6. bxc3 Bg7 7. Bc4 c5 8. Ne2 cxd4 9. cxd4 Nc6 10. Bb2 0-0 11. 0-0 Na5 12. Bd3 b6 13. Rc1 Bb7 14. Qd2 Qd7 15. e5 Qd5 16. Nf4 Qxa2 17. Rc7 Bh6 18. Qc3 Bxf4 19. Bc4 Nxc4 20. Rxc4 Ba6 0-1

[Event "BI-2014-P-0000"]
[Site "LSS email"]
[Date "2014.04.19"]
[Round "?"]
[White "Chatzisotiriou, Petros"]
[Black "Martins, Karin"]
[Result "0-1"]
[WhiteElo "1176"]
[BlackElo "1771"]
[PlyCount "50"]
[EventDate "2014.04.25"]
[EventType "tourn (corr)"]
[EventRounds "10"]
[EventCountry "GER"]
[SourceTitle "Corr 2022"]
[Source "ChessBase"]
[SourceDate "2021.10.24"]
[SourceVersion "1"]
[SourceVersionDate "2021.10.24"]
[SourceQuality "1"]

1. d4 d5 2. c4 c6 3. cxd5 cxd5 4. Nc3 e6 5. Bf4 Bd6 6. Bxd6 Qxd6 7. e3 Nf6 8. Nf3 Nc6 9. a3 0-0 10. Bd3 a6 11. 0-0 Bd7 12. Rc1 b5 13. b4 Rac8 14. Bb1 Rfe8 15. Nd2 a5 16. Nxb5 Qb8 17. Qa4 Nxd4 18. Bd3 Bxb5 19. Bxb5 Nxb5 20. Rxc8 Rxc8 21. Qxa5 Ng4 22. g3 d4 23. exd4 Qb7 24. Nb3 Ra8 25. Nc5 Qc6 0-1